000 00246nam a2200121Ia 4500
100 _a#N/A
942 _cBK
245 _aSivanandam & Deepa - Principles of Soft computing
260 _b#N/A
082 _b22438
546 _aENGLISH
999 _c21226
_d21226